A biosystematic analysis of Solanum acaule

This thesis describes a biosystematic analysis of the allotetraploid species Solanum acaule. Solanum acaule is one of the circa 200 tuber-bearing Solanum species (Solanum sect. Petota, Solanaceae) and often used in plant breeding programs for its disease resistances and frost tolerance.

Shranjeno v:
Bibliografske podrobnosti
Glavni avtor: Kardolus, Jouke Pieter
Format: Knjiga
Jezik:Undetermined
Izdano: Netherlands Landbouwuniversiteit Wageningen 1998
Teme:
Oznake: Označite
Brez oznak, prvi označite!
Thư viện lưu trữ: Trung tâm Học liệu Trường Đại học Cần Thơ
LEADER 00859nam a2200193Ia 4500
001 CTU_192486
008 210402s9999 xx 000 0 und d
082 |a 577 
082 |b K18 
100 |a Kardolus, Jouke Pieter 
245 2 |a A biosystematic analysis of Solanum acaule 
245 0 |c Jouke Pieter Kardolus 
260 |a Netherlands 
260 |b Landbouwuniversiteit Wageningen 
260 |c 1998 
520 |a This thesis describes a biosystematic analysis of the allotetraploid species Solanum acaule. Solanum acaule is one of the circa 200 tuber-bearing Solanum species (Solanum sect. Petota, Solanaceae) and often used in plant breeding programs for its disease resistances and frost tolerance. 
650 |a Biosystematics,Solanum acaule,Sinh học hệ thống 
904 |i Trúc 
980 |a Trung tâm Học liệu Trường Đại học Cần Thơ